Anavatandan Mavi Vatan’a / (Record no. 14839)

MARC details
000 -BAŞLIK
Sabit Uzunlukta Kontrol Alanı 00650nam a22002177a 4500
999 ## - SİSTEM KONTROL NUMARALARI (KOHA)
Koha Biblionumber 14839
Koha Biblioitemnumber 14839
003 - KONTROL NUMARASI IDENTIFIER
Denetim Alanı MIRAKIL
005 - SON İŞLEM TARİHİ VE ZAMANI
Denetim Alanı 20220314154245.0
008 - SABİT-BOY VERİ ELEMANLARI - GENEL BİLGİLER
Sabit Uzunlukta Kontrol Alanı 220314b tu ||||| |||| 00| 0 tur d
020 ## - ULUSLARARASI STANDART KİTAP NUMARASI
Uluslararası Standart Kitap Numarası 9786052987605
040 ## - KATALOGLAMA KAYNAK
Orijinal Kataloglama Ajansı TR-AnCHP
Metne Dönüştürmek Ajansı TR-AnCHP
041 ## - DİL KODU
Metin / Ses Parça Veya Ayrı Başlığın Dil Kodu tur
082 ## - DEWEY ONLU SINIFLANDIRMA NUMARASI
Sınıflandırma Numarası 359.561
Ürün Numarası G96a 2021
100 ## - ANA GİRİŞ - KİŞİSEL İSİM
Kişisel Ad Gürdeniz, Cem
245 10 - BAŞLIK TABLOSU
Başlık Anavatandan Mavi Vatan’a /
Sorumluluk Tablosu, Vb Cem Gürdeniz
260 ## - YAYIN, DAĞITIM, VB
Yayın, Dağıtım, Vb Yeri İstanbul:
Yayıncı, Dağıtıcı, Vs Adı Kırmızı Kedi yayınevi,
Yayın, Dağıtım, Vb Tarihi 2021.
300 ## - FİZİKSEL TANIM
Kapsam 462 s.:
Boyutlar 23 sm.
490 0# - SERİSİ TABLOSU
Seri Beyanı Kırmızı Kedi yayınevi;
-- İnceleme;
Hacim / Ardışık Tanımı 1358.
-- 119.
504 ## - KAYNAKÇA VB NOT
Kaynakça Vb Notu Bibliyografik bilgi içerir.
650 #0 - KONU KATMA GİRİŞ - TOPİKAL DÖNEM
9 (RLIN) 5701
Topikal Süreli Veya Coğrafi Ad Giriş Elemanı Deniz kuvvetleri
Genel Alt Bölümü Türkiye
942 ## - EKLENDİ GİRİŞ ELEMANLARI (KOHA)
Sınıflandırma Veya Raf Düzeni Kaynak Dewey Decimal Classification
Koha Öğesi Türü Books
Holdings
Kalıcı Konum Mevcut Konum Edinme Tarihi Toplam Check-Out'Lar Tam Çağrı Numarası Barkod Tarih Son Görülme İtibaren Geçerli Fiyatlar Koha Öğesi Türü
CHP Kütüphanesi CHP Kütüphanesi 03/14/2022   359.561 G96a 2021 020345 03/14/2022 03/14/2022 Books